[Event "Sotra op3"]
[Site "Sotra"]
[Date "2004.11.25"]
[Round "9"]
[White "Glesnes, Ivar Magne"]
[Black "Frimannslund, Knut"]
[Result "1/2-1/2"]
[WhiteElo "607"]
[BlackElo "941"]
[PlyCount "132"]
[EventDate "2004.09.02"]
[EventType "swiss"]
[EventRounds "9"]
[EventCountry "NOR"]
[SourceTitle "EXT 2008"]
[Source "ChessBase"]
[SourceDate "2007.11.25"]
[SourceVersion "1"]
[SourceVersionDate "2007.11.25"]
[SourceQuality "1"]

1. e4 c5 2. Nf3 d6 3. Nc3 a6 4. d3 g6 5. Be2 Bg7 6. Bd2 Bg4 7. Rb1 Nf6 8. 0-0 0-0 9. Ng5 Bxe2 10. Qxe2 h6 11. Nf3 Nbd7 12. Bf4 Nh5 13. Bd2 e6 14. Qd1 Kh7 15. h3 Ne5 16. Nh2 Nf6 17. Ne2 Ng8 18. c3 b5 19. d4 cxd4 20. cxd4 Nc6 21. Bc3 b4 22. Bd2 a5 23. Bf4 e5 24. d5 Nce7 25. Be3 f5 26. f3 f4 27. Bf2 h5 28. Bh4 Bf6 29. Qe1 g5 30. Bf2 Ng6 31. g4 fxg3 32. Nxg3 h4 33. Nf5 Nf4 34. Ng4 Nxh3+ 35. Kh2 Nxf2 36. Rxf2 Be7 37. Rc1 Rc8 38. Rfc2 Rxc2+ 39. Rxc2 Nf6 40. Qg1 Nh5 41. Nge3 Nf4 42. Qg4 Qe8 43. Rc6 Qd7 44. Nxe7 Qxe7 45. Nf5 Qa7 46. Qg1 Qxg1+ 47. Kxg1 Ne2+ 48. Kh2 Nd4 49. Rc7+ Kh8 50. Nxd6 Kg8 51. Rc8 Nxf3+ 52. Kg2 Rxc8 53. Nxc8 g4 54. Ne7+ Kf7 55. Nf5 Nd2 56. Nh6+ Ke7 57. Nxg4 Nxe4 58. Nxe5 Kd6 59. Nc4+ Kxd5 60. Nxa5 Kc5 61. Kh3 Nc3 62. a3 bxa3 63. bxa3 Kb5 64. Kxh4 Kxa5 65. Kg3 Ka4 66. Kf3 Kxa3 1/2-1/2

[Event "Sotra op3"]
[Site "Sotra"]
[Date "2004.10.14"]
[Round "5"]
[White "Frimannslund, Knut"]
[Black "Nordnes, Tor Gunnar"]
[Result "1/2-1/2"]
[WhiteElo "941"]
[BlackElo "1460"]
[PlyCount "62"]
[EventDate "2004.09.02"]
[EventType "swiss"]
[EventRounds "9"]
[EventCountry "NOR"]
[SourceTitle "EXT 2008"]
[Source "ChessBase"]
[SourceDate "2007.11.25"]
[SourceVersion "1"]
[SourceVersionDate "2007.11.25"]
[SourceQuality "1"]

1. d4 d5 2. c4 Nf6 3. Nc3 e6 4. Bg5 Nbd7 5. e3 Be7 6. Nf3 c6 7. c5 Ne4 8. Bxe7 Qxe7 9. Rc1 e5 10. Bd3 Nxc3 11. Rxc3 e4 12. Be2 exf3 13. Bxf3 Nf6 14. 0-0 0-0 15. Re1 Ne4 16. Rc2 Bf5 17. Bxe4 Bxe4 18. Rd2 Qg5 19. f3 Bg6 20. e4 dxe4 21. fxe4 Rae8 22. e5 Rd8 23. Qe2 Bf5 24. Qf2 Rd7 25. Re3 Be6 26. Rg3 Qf5 27. Rf3 Qb1+ 28. Qf1 Qxa2 29. Rg3 Qc4 30. Rxg7+ Kxg7 31. Qf6+ Kg8 1/2-1/2